Инженерни съоръжения и конструкции (Запис номер 467982)
[ съкратено ]
| 000 -Лидер | |
|---|---|
| Контролно поле с фиксирана дължина | nam a22 c 4500 |
| 003 - Код на организацията, давaща контролен номер | |
| Контролно поле | BLK |
| 005 - Дата и час на последна редакция | |
| Контролно поле | 20220725083311.0 |
| 008 - Елементи от данни с фиксирана дължина | |
| fixed length control field | 180413b bul|||||r ||||||| ||bul|| |
| 040 ## - Източник на каталожния запис | |
| Идентификатор на билиотеката - собственик на записа | BLK |
| 041 ## - Код за език | |
| Код за езика на текст/звукозапис или на отделно заглавие | Български |
| Код за езика КДБФ | Български |
| 080 ## - УДК | |
| Текстов определител УДК | Строителни конструкции. Подземно, ниско и високо строителство. Строителство на тунели и мостове |
| УДК код - определител по УДК | 624 |
| УДК определител | (075.3) |
| УДК - код + определител | 624(075.3) |
| 080 ## - УДК | |
| Текстов определител УДК | Конструктивни елементи на пътя - подлези, надлези, водостоци, пътни знаци, бензиностанции, светофари, улично осветление и др. |
| УДК код - определител по УДК | 625.74 |
| УДК определител | (075.3) |
| УДК - код + определител | 625.74(075.3) |
| 100 ## - Редна дума - Автор | |
| Автор | Сафронов, Михаил Ефимович |
| Авторска отговорност | първи автор |
| R(LIN) | 266521 |
| 139 ## - Редно поле | |
| Редна дума | Сафронов, Михаил Ефимович |
| 245 10 - Сведения за заглавието | |
| Заглавие | Инженерни съоръжения и конструкции |
| Подзаглавни данни | [Мостово строителство] : Учебник за IV курс на строит. техникуми, спец. строителство и архитектура : Ч. 1 - |
| Редно поле (дума) | Михаил Сафронов. |
| Том | Ч. 2 |
| 257 ## - Страна на издаване | |
| Страна на създаване/издаване | България |
| 260 ## - Област на издателските данни | |
| Място на издаване, разпространение и проч. | София |
| Име на издателя, разпространителя и проч. | Техника |
| Година на издаване | 1972 |
| Печатница | Ямбол : Г. Димитров |
| 300 ## - Физическа характеристика | |
| Страници | 280 с. |
| Илюстрации и др. | с черт., ил. |
| Размери/Мащаб | 21 см |
| 380 ## - Жанр | |
| Жанр | Техника |
| 650 #7 - Допълнително описание по предмет – тема | |
| Основно описание – тема или топоним | Строителство |
| 9 (RLIN) | 172631 |
| 650 #4 - Допълнително описание по предмет – тема | |
| Основно описание – тема или топоним | Мостове |
| 9 (RLIN) | 162766 |
| 650 #4 - Допълнително описание по предмет – тема | |
| Основно описание – тема или топоним | Тунели |
| 9 (RLIN) | 174194 |
| 650 #7 - Допълнително описание по предмет – тема | |
| Основно описание – тема или топоним | Пристанища |
| 9 (RLIN) | 167909 |
| 653 #7 - Ключова дума – ненормативна | |
| Ключова дума | учебници за техникуми |
| 9 (RLIN) | 199113 |
| 760 ## - Описание на основната серия | |
| Редна дума на основното описание | Сафронов, Михаил Ефимович |
| Страници - том | 280 с. : с черт., ил. |
| Забележка - том | Библиогр. с. 275-276 |
| Част - том | Ч. 2 |
| 852 ## - Местоположение | |
| Форматна сигнатура | Цб 64056 |
| Фондова буква | Хранилище |
| 999 ## - СИСТЕМНИ КОНТРОЛНИ НОМЕРА | |
| Koha biblionumber | 467982 |
| Koha biblioitemnumber | 467982 |
| 942 ## - АРТИКУЛИ | |
| Вид на библиотечния материал | Книги |
| Скрит в OPAC | Не |
| Периодичен библиозапис | Да |
| 944 ## - СЪЗДАВАНЕ И РЕДАКЦИЯ на ЗАПИСА | |
| Създаване/Редакция | Създаване |
| Дата на регистрацията/редакция | 2022-07-25 |
| Служител, извършил регистрацията/редакцията | Кети |
| Код за отписване | Код за изгубен артикул | Източник на класификационната схема | Код за повреда | Коз за рестрикции | Код за отдаване | Артикулен № | Име на библиотеката - собственик | Име на библиотеката, в която се намира в момента | Статус (Текущо местоположение) | Дата на вписване в системата | Местоположение - отдел | Цена в лева | Инвентарен номер | Систематично азбучна сигнатура | Баркод | Цена в евро | Служебен тип на артикула |
|---|---|---|---|---|---|---|---|---|---|---|---|---|---|---|---|---|---|
| Не е изгубен | Universal Decimal Classification | Не е повреден | само за читалня | ползва се в читалня | 897508 | Регионална библиотека "Любен Каравелов" Русе | Регионална библиотека "Любен Каравелов" Русе | Хранилище | 2022-07-27 | Хранилище | 0.76 | 118599 | Цб 64056 | 120000118599 | 0.39 | Книги |